| 000 | 00813nam a2200277 a 4500 | ||
|---|---|---|---|
| 001 | 000110330 | ||
| 003 | CHAP | ||
| 005 | 20220329144127.0 | ||
| 008 | 140818s2014 mx a |r| |||1|||spa|d | ||
| 010 | _a106792 | ||
| 011 | _a107764 | ||
| 020 | _a9786071203434 | ||
| 040 | _cCHAP | ||
| 082 | 0 | 4 |
_a630.208 _bI62 |
| 245 | 0 | 0 |
_aInvestigación en química, biología y agronomía / _cpor compilador Francisco Pérez Soto ...[et al.]. |
| 260 | 3 |
_aChapingo, Méx. : _bUACH., _c2014. |
|
| 300 | _aix, 179 p. | ||
| 590 |
_aE792CSJ _b05 _c20140818 _lUCH01 _h1420 |
||
| 650 | 1 | 4 |
_aAgricultura _xInvestigación. _91577 |
| 650 | 1 | 4 |
_aBiología _xInvestigación. _912787 |
| 650 | 1 | 4 |
_aQuímica _xInvestigación. _993564 |
| 700 | 0 |
_aPérez Soto, Francisco _ecomp. _990046 |
|
| 901 | _aBK | ||
| 942 | _cLIBRO | ||
| 942 | _n0 | ||
| 999 |
_c106792 _d106792 |
||